<?xml version="1.0" encoding="UTF-8"?>
<collection xmlns="http://www.loc.gov/MARC21/slim">
 <record>
  <leader>05974nam a2200301 a 4500</leader>
  <controlfield tag="001">1/49398</controlfield>
  <controlfield tag="008">200710s2013    gr ah    bi   00010 gre  </controlfield>
  <datafield tag="020" ind1=" " ind2=" ">
   <subfield code="a">9789606757839</subfield>
  </datafield>
  <datafield tag="035" ind1=" " ind2=" ">
   <subfield code="l">52401</subfield>
  </datafield>
  <datafield tag="040" ind1=" " ind2=" ">
   <subfield code="a">GR-PeUP</subfield>
  </datafield>
  <datafield tag="082" ind1="0" ind2="0">
   <subfield code="a">349.4958 ΣΥΝ</subfield>
  </datafield>
  <datafield tag="245" ind1="0" ind2="0">
   <subfield code="a">Συνταγματικά κείμενα της ηγεμονίας της Σάμου /</subfield>
   <subfield code="c">επιστημονική επιμέλεια Σοφία Ν. Λαΐου; [επιμέλεια έκδοσης Άννα Καραπάνου ; μεταγραφές οθωμανικών εγγράφων Μαρίνος Σαρηγιάννης].</subfield>
  </datafield>
  <datafield tag="260" ind1="0" ind2=" ">
   <subfield code="a">Αθήνα :</subfield>
   <subfield code="b">Ίδρυμα της Βουλής των Ελλήνων για τον Κοινοβουλευτισμό και τη Δημοκρατία,</subfield>
   <subfield code="c">c2013.</subfield>
  </datafield>
  <datafield tag="300" ind1=" " ind2=" ">
   <subfield code="a">534 σ., [16] σ. με πίνακες :</subfield>
   <subfield code="b">εικ., πανομ. ;</subfield>
   <subfield code="c">25 εκ.</subfield>
  </datafield>
  <datafield tag="500" ind1=" " ind2=" ">
   <subfield code="a">Κείμενα στα ελληνικά καθώς και παράλληλες μεταφράσεις εγγράφων από τα τουρκικά στα ελληνικά.</subfield>
  </datafield>
  <datafield tag="504" ind1=" " ind2=" ">
   <subfield code="a">Περιέχει βιβλιογραφικές αναφορές: σ. 213-223 και ευρετήριο: σ. 533-534.</subfield>
  </datafield>
  <datafield tag="505" ind1="0" ind2=" ">
   <subfield code="a">Πρόλογος του Προέδρου της Βουλής των Ελλήνων -- Εισαγωγή / Ιωάννης Χ. Αλεξανδρόπουλος -- Η προφορική παράδοση ως όπλο διαπραγμάτευσης. Το ζήτημα των προνομίων της Σάμου, 1830-1834 / Σοφία Ν. Λαΐου -- Τα συνταγματικά κείμενα της Σάμου / Σαράντης Ορφανουδάκης -- Ηγεμονία Σάμου 1834-1912. Οργάνωση και εξέλιξη / Χρίστος Λάνδρος -- Η πολιτειακή ορολογία στα οθωμανικά έγγραφα της Ηγεμονίας Σάμου / Μαρίνος Σαρηγιάννης -- Βιβλιογραφία -- Εικόνες -- Συνταγματικά κείμενα και άλλες κανονιστικές διατάξεις της Ηγεμονίας Σάμου: -- Κείμενα στην ελληνική γλώσσα / Χρίστος Λάνδρος -- Μεταφράσεις των οθωμανικών εγγράφων / Μαρίνος Σαρηγιάννης -- Μεταγραφές των οθωμανικών εγγράφων / Μαρίνος Σαρηγιάννης -- Ευρετήριο κυρίων ονομάτων προσώπων.</subfield>
  </datafield>
  <datafield tag="520" ind1=" " ind2=" ">
   <subfield code="a">Το Ίδρυμα της Βουλής των Ελλήνων για τον Κοινοβουλευτισμό και τη Δημοκρατία παρουσιάζει την ολοκληρωμένη έκδοση των Συνταγματικών Κειμένων της Ηγεμονίας Σάμου. Το ανά χείρας έργο έρχεται σε συνέχεια της έκδοσης των Συνταγματικών Κειμένων των Ιονίων Νήσων, που πραγματοποίησε το Ίδρυμα το 2008. Η έκδοση των κειμένων συνιστά μελέτη των πολιτειακών θεσμών έτσι όπως αυτοί αναπτύχθηκαν στην Ηγεμονία Σάμου (1834-1912) με βάση τα παραχωρημένα από την Υψηλή Πύλη συνταγματικά κείμενα. Συνιστούν μια προσπάθεια συγκερασμού των (άτυπων) θεσμών της προεπαναστατικής περιόδου όπως λειτούργησαν στη Σάμο, λ.χ. η συνέλευση της κοινότητας, με τα κανονιστικά πλαίσια που έθετε η οθωμανική κυβέρνηση. Στην έκδοση των συνταγματικών και άλλων -σχετικών με την οργάνωση των θεσμών της Ηγεμονίας της Σάμου- κειμένων αποτυπώνεται η πολιτική διελκυστίνδα μεταξύ των φιλελεύθερων επιδιώξεων των Σαμίων και των ορίων που έθετε το οθωμανικό κράτος. Τα &quot;συντάγματα&quot; συνδέθηκαν με τις μεταρρυθμιστικές προσπάθειες του οθωμανικού κράτους κατά την περίοδο του Τανζιμάτ και αποτυπώνουν έως ένα βαθμό τους πειραματισμούς των Οθωμανών ιθυνόντων για τον εκσυγχρονισμό της κρατικής οργάνωσης και την εν μέρει φιλελευθεροποίηση του κράτους. Την επιστημονική επιμέλεια του τόμου είχε η Σοφία Λαΐου, επίκουρη καθηγήτρια του Ιονίου Πανεπιστημίου.</subfield>
  </datafield>
  <datafield tag="650" ind1=" " ind2="4">
   <subfield code="a">Δημόσιο δίκαιο</subfield>
   <subfield code="z">Ελλάδα</subfield>
   <subfield code="z">Σάμος (Νομός)</subfield>
   <subfield code="z">Τουρκοκρατία.</subfield>
  </datafield>
  <datafield tag="650" ind1=" " ind2="4">
   <subfield code="a">Συνταγματική ιστορία</subfield>
   <subfield code="z">Ελλάδα.</subfield>
  </datafield>
  <datafield tag="650" ind1=" " ind2="4">
   <subfield code="a">Συνταγματικό δίκαιο</subfield>
   <subfield code="z">Ελλάδα.</subfield>
  </datafield>
  <datafield tag="650" ind1=" " ind2="4">
   <subfield code="a">Constitutional law</subfield>
   <subfield code="z">Greece.</subfield>
  </datafield>
  <datafield tag="650" ind1=" " ind2="4">
   <subfield code="a">Constitutional history</subfield>
   <subfield code="z">Greece</subfield>
   <subfield code="z">Samos island.</subfield>
  </datafield>
  <datafield tag="650" ind1=" " ind2="4">
   <subfield code="a">Public law</subfield>
   <subfield code="z">Greece.</subfield>
  </datafield>
  <datafield tag="700" ind1="1" ind2=" ">
   <subfield code="a">Λαΐου, Σοφία Ν.</subfield>
   <subfield code="d">1970-</subfield>
  </datafield>
  <datafield tag="700" ind1="1" ind2=" ">
   <subfield code="a">Καραπάνου, Άννα.</subfield>
  </datafield>
  <datafield tag="700" ind1="1" ind2=" ">
   <subfield code="a">Σαρηγιάννης, Μαρίνος</subfield>
   <subfield code="d">1973-</subfield>
  </datafield>
  <datafield tag="852" ind1=" " ind2=" ">
   <subfield code="a">INST</subfield>
   <subfield code="b">UNIPILB</subfield>
   <subfield code="c">MAIN</subfield>
   <subfield code="e">20200710</subfield>
   <subfield code="h">349.4958 ΣΥΝ</subfield>
   <subfield code="p">00183221</subfield>
   <subfield code="q">00183221</subfield>
   <subfield code="t">LOAN</subfield>
   <subfield code="y">0</subfield>
   <subfield code="4">1</subfield>
  </datafield>
 </record>
</collection>
